Fast Math - Subtraction Quiz in 40 Seconds - Statistics

General Stats
  • This quiz has been taken 2,833 times
  • The average score is 12 of 20
Answer Stats
problem answer % Correct
3 - 2 1
100%
7 - 6 1
100%
12 - 11 1
100%
20 - 19 1
100%
28 - 27 1
100%
40 - 39 1
100%
45 - 44 1
100%
49 - 48 1
100%
81 - 80 1
100%
89 - 88 1
100%
32 - 22 10
100%
37 - 27 10
100%
39 - 29 10
100%
42 - 32 10
100%
44 - 34 10
100%
45 - 35 10
100%
60 - 50 10
100%
65 - 55 10
100%
76 - 66 10
100%
22 - 11 11
100%
24 - 13 11
100%
30 - 19 11
100%
42 - 31 11
100%
56 - 45 11
100%
63 - 52 11
100%
96 - 85 11
100%
25 - 13 12
100%
29 - 17 12
100%
90 - 78 12
100%
91 - 79 12
100%
98 - 86 12
100%
16 - 3 13
100%
27 - 14 13
100%
29 - 16 13
100%
41 - 28 13
100%
46 - 33 13
100%
89 - 76 13
100%
97 - 84 13
100%
17 - 3 14
100%
21 - 7 14
100%
32 - 18 14
100%
54 - 40 14
100%
70 - 56 14
100%
18 - 3 15
100%
30 - 15 15
100%
33 - 18 15
100%
39 - 24 15
100%
45 - 30 15
100%
53 - 38 15
100%
100 - 85 15
100%
34 - 18 16
100%
35 - 19 16
100%
37 - 21 16
100%
49 - 33 16
100%
59 - 43 16
100%
83 - 67 16
100%
86 - 70 16
100%
32 - 15 17
100%
49 - 32 17
100%
53 - 36 17
100%
56 - 39 17
100%
67 - 50 17
100%
74 - 57 17
100%
75 - 58 17
100%
25 - 7 18
100%
28 - 10 18
100%
75 - 57 18
100%
85 - 67 18
100%
88 - 70 18
100%
26 - 7 19
100%
59 - 40 19
100%
4 - 2 2
100%
5 - 3 2
100%
7 - 5 2
100%
9 - 7 2
100%
16 - 14 2
100%
44 - 42 2
100%
53 - 51 2
100%
96 - 94 2
100%
25 - 5 20
100%
33 - 13 20
100%
58 - 38 20
100%
63 - 43 20
100%
82 - 62 20
100%
99 - 79 20
100%
37 - 16 21
100%
53 - 32 21
100%
56 - 35 21
100%
91 - 70 21
100%
25 - 3 22
100%
37 - 15 22
100%
52 - 30 22
100%
81 - 59 22
100%
85 - 63 22
100%
30 - 7 23
100%
34 - 10 24
100%
54 - 30 24
100%
60 - 36 24
100%
75 - 51 24
100%
90 - 66 24
100%
50 - 25 25
100%
55 - 30 25
100%
31 - 5 26
100%
57 - 31 26
100%
62 - 36 26
100%
43 - 16 27
100%
47 - 20 27
100%
51 - 24 27
100%
65 - 38 27
100%
78 - 51 27
100%
81 - 54 27
100%
89 - 62 27
100%
93 - 66 27
100%
32 - 4 28
100%
45 - 17 28
100%
71 - 43 28
100%
75 - 47 28
100%
77 - 49 28
100%
88 - 60 28
100%
97 - 69 28
100%
31 - 2 29
100%
44 - 15 29
100%
60 - 31 29
100%
5 - 2 3
100%
10 - 7 3
100%
17 - 14 3
100%
18 - 15 3
100%
29 - 26 3
100%
33 - 30 3
100%
34 - 31 3
100%
58 - 55 3
100%
61 - 58 3
100%
82 - 79 3
100%
96 - 93 3
100%
32 - 2 30
100%
48 - 18 30
100%
56 - 26 30
100%
78 - 48 30
100%
81 - 51 30
100%
83 - 53 30
100%
87 - 57 30
100%
36 - 5 31
100%
37 - 6 31
100%
41 - 10 31
100%
73 - 42 31
100%
90 - 59 31
100%
91 - 60 31
100%
100 - 69 31
100%
51 - 19 32
100%
65 - 33 32
100%
72 - 40 32
100%
79 - 47 32
100%
93 - 61 32
100%
38 - 5 33
100%
59 - 26 33
100%
75 - 42 33
100%
88 - 55 33
100%
36 - 2 34
100%
38 - 4 34
100%
45 - 11 34
100%
46 - 11 35
100%
49 - 14 35
100%
72 - 37 35
100%
82 - 47 35
100%
65 - 29 36
100%
94 - 58 36
100%
39 - 2 37
100%
41 - 4 37
100%
49 - 12 37
100%
60 - 23 37
100%
65 - 28 37
100%
75 - 38 37
100%
49 - 11 38
100%
58 - 20 38
100%
66 - 28 38
100%
71 - 33 38
100%
58 - 19 39
100%
78 - 39 39
100%
5 - 1 4
100%
8 - 4 4
100%
13 - 9 4
100%
25 - 21 4
100%
31 - 27 4
100%
43 - 39 4
100%
48 - 44 4
100%
49 - 45 4
100%
55 - 51 4
100%
88 - 84 4
100%
100 - 96 4
100%
57 - 17 40
100%
71 - 31 40
100%
98 - 58 40
100%
47 - 6 41
100%
90 - 49 41
100%
56 - 14 42
100%
80 - 38 42
100%
88 - 45 43
100%
54 - 10 44
100%
61 - 17 44
100%
86 - 42 44
100%
60 - 15 45
100%
76 - 31 45
100%
86 - 41 45
100%
51 - 5 46
100%
78 - 32 46
100%
100 - 54 46
100%
81 - 34 47
100%
84 - 37 47
100%
49 - 1 48
100%
52 - 4 48
100%
53 - 5 48
100%
69 - 21 48
100%
55 - 6 49
100%
58 - 9 49
100%
82 - 33 49
100%
85 - 36 49
100%
87 - 38 49
100%
6 - 1 5
100%
11 - 6 5
100%
15 - 10 5
100%
18 - 13 5
100%
20 - 15 5
100%
25 - 20 5
100%
38 - 33 5
100%
40 - 35 5
100%
47 - 42 5
100%
54 - 4 50
100%
59 - 9 50
100%
67 - 17 50
100%
78 - 28 50
100%
79 - 29 50
100%
54 - 3 51
100%
79 - 28 51
100%
85 - 34 51
100%
89 - 38 51
100%
95 - 44 51
100%
62 - 10 52
100%
63 - 11 52
100%
79 - 27 52
100%
59 - 6 53
100%
66 - 13 53
100%
74 - 21 53
100%
67 - 13 54
100%
79 - 25 54
100%
100 - 46 54
100%
60 - 5 55
100%
66 - 11 55
100%
85 - 30 55
100%
96 - 41 55
100%
63 - 7 56
100%
89 - 33 56
100%
58 - 1 57
100%
71 - 14 57
100%
86 - 29 57
100%
64 - 5 59
100%
69 - 10 59
100%
71 - 12 59
100%
47 - 41 6
100%
48 - 42 6
100%
49 - 43 6
100%
64 - 58 6
100%
83 - 77 6
100%
66 - 6 60
100%
80 - 20 60
100%
83 - 23 60
100%
76 - 14 62
100%
85 - 23 62
100%
90 - 28 62
100%
70 - 7 63
100%
81 - 18 63
100%
100 - 37 63
100%
67 - 3 64
100%
69 - 5 64
100%
82 - 18 64
100%
84 - 20 64
100%
99 - 35 64
100%
67 - 2 65
100%
83 - 18 65
100%
95 - 30 65
100%
78 - 11 67
100%
73 - 5 68
100%
84 - 15 69
100%
32 - 25 7
100%
48 - 41 7
100%
65 - 58 7
100%
68 - 61 7
100%
94 - 87 7
100%
74 - 4 70
100%
83 - 13 70
100%
84 - 14 70
100%
91 - 21 70
100%
80 - 9 71
100%
73 - 1 72
100%
81 - 9 72
100%
83 - 11 72
100%
80 - 7 73
100%
93 - 20 73
100%
84 - 10 74
100%
85 - 10 75
100%
87 - 10 77
100%
97 - 20 77
100%
88 - 10 78
100%
89 - 11 78
100%
95 - 17 78
100%
87 - 8 79
100%
92 - 13 79
100%
11 - 3 8
100%
38 - 30 8
100%
43 - 35 8
100%
48 - 40 8
100%
86 - 78 8
100%
90 - 82 8
100%
93 - 85 8
100%
95 - 87 8
100%
98 - 90 8
100%
84 - 4 80
100%
100 - 20 80
100%
83 - 1 82
100%
87 - 3 84
100%
91 - 7 84
100%
91 - 6 85
100%
88 - 2 86
100%
13 - 4 9
100%
14 - 5 9
100%
16 - 7 9
100%
26 - 17 9
100%
44 - 35 9
100%
45 - 36 9
100%
70 - 61 9
100%
72 - 63 9
100%
75 - 66 9
100%
76 - 67 9
100%
85 - 76 9
100%
92 - 1 91
100%
95 - 3 92
100%
100 - 5 95
100%
45 - 12 33
90%
56 - 36 20
88%
86 - 66 20
88%
98 - 94 4
88%
96 - 56 40
88%
98 - 10 88
88%
74 - 73 1
86%
19 - 9 10
86%
53 - 42 11
86%
95 - 76 19
86%
8 - 6 2
86%
40 - 38 2
86%
90 - 62 28
86%
30 - 1 29
86%
77 - 43 34
86%
44 - 3 41
86%
55 - 12 43
86%
78 - 16 62
86%
90 - 5 85
86%
5 - 4 1
83%
90 - 89 1
83%
27 - 17 10
83%
65 - 50 15
83%
11 - 9 2
83%
58 - 34 24
83%
37 - 12 25
83%
38 - 9 29
83%
45 - 42 3
83%
90 - 87 3
83%
89 - 59 30
83%
78 - 43 35
83%
68 - 30 38
83%
68 - 21 47
83%
90 - 43 47
83%
70 - 21 49
83%
97 - 46 51
83%
97 - 39 58
83%
10 - 4 6
83%
19 - 13 6
83%
63 - 2 61
83%
88 - 27 61
83%
99 - 31 68
83%
63 - 56 7
83%
87 - 16 71
83%
83 - 5 78
83%
87 - 9 78
83%
97 - 6 91
83%
22 - 16 6
82%
38 - 28 10
80%
50 - 40 10
80%
14 - 3 11
80%
48 - 36 12
80%
26 - 12 14
80%
53 - 39 14
80%
82 - 66 16
80%
84 - 67 17
80%
90 - 73 17
80%
21 - 3 18
80%
23 - 5 18
80%
27 - 9 18
80%
41 - 23 18
80%
46 - 28 18
80%
38 - 19 19
80%
73 - 54 19
80%
3 - 1 2
80%
6 - 4 2
80%
25 - 23 2
80%
37 - 17 20
80%
40 - 20 20
80%
61 - 41 20
80%
85 - 64 21
80%
93 - 71 22
80%
71 - 48 23
80%
36 - 11 25
80%
80 - 55 25
80%
99 - 74 25
80%
47 - 21 26
80%
67 - 41 26
80%
62 - 59 3
80%
36 - 6 30
80%
42 - 9 33
80%
67 - 34 33
80%
72 - 39 33
80%
81 - 48 33
80%
41 - 7 34
80%
55 - 21 34
80%
93 - 59 34
80%
86 - 51 35
80%
69 - 32 37
80%
97 - 60 37
80%
46 - 8 38
80%
72 - 34 38
80%
91 - 53 38
80%
23 - 19 4
80%
43 - 2 41
80%
50 - 9 41
80%
85 - 44 41
80%
75 - 33 42
80%
68 - 24 44
80%
66 - 20 46
80%
81 - 35 46
80%
65 - 18 47
80%
7 - 2 5
80%
21 - 16 5
80%
45 - 40 5
80%
54 - 49 5
80%
58 - 53 5
80%
64 - 12 52
80%
63 - 8 55
80%
75 - 19 56
80%
87 - 30 57
80%
63 - 5 58
80%
82 - 24 58
80%
90 - 31 59
80%
27 - 21 6
80%
55 - 49 6
80%
59 - 53 6
80%
72 - 66 6
80%
96 - 90 6
80%
94 - 34 60
80%
65 - 4 61
80%
84 - 22 62
80%
64 - 1 63
80%
94 - 31 63
80%
88 - 20 68
80%
17 - 10 7
80%
80 - 73 7
80%
96 - 26 70
80%
79 - 6 73
80%
89 - 9 80
80%
95 - 11 84
80%
89 - 4 85
80%
97 - 8 89
80%
15 - 6 9
80%
41 - 32 9
80%
49 - 40 9
80%
74 - 65 9
80%
100 - 91 9
80%
94 - 2 92
80%
76 - 65 11
78%
38 - 12 26
78%
81 - 41 40
78%
29 - 24 5
78%
80 - 75 5
78%
92 - 87 5
78%
23 - 15 8
78%
31 - 30 1
75%
67 - 66 1
75%
79 - 78 1
75%
91 - 90 1
75%
25 - 15 10
75%
83 - 73 10
75%
43 - 32 11
75%
44 - 33 11
75%
52 - 41 11
75%
79 - 68 11
75%
41 - 29 12
75%
69 - 57 12
75%
99 - 87 12
75%
23 - 10 13
75%
58 - 45 13
75%
21 - 5 16
75%
22 - 6 16
75%
44 - 28 16
75%
69 - 53 16
75%
80 - 64 16
75%
18 - 1 17
75%
40 - 23 17
75%
68 - 51 17
75%
77 - 60 17
75%
20 - 2 18
75%
51 - 33 18
75%
93 - 75 18
75%
43 - 24 19
75%
44 - 25 19
75%
55 - 36 19
75%
65 - 46 19
75%
77 - 58 19
75%
26 - 24 2
75%
56 - 54 2
75%
74 - 72 2
75%
30 - 10 20
75%
100 - 79 21
75%
67 - 45 22
75%
74 - 52 22
75%
67 - 44 23
75%
46 - 22 24
75%
59 - 35 24
75%
65 - 41 24
75%
86 - 62 24
75%
97 - 73 24
75%
51 - 26 25
75%
52 - 27 25
75%
67 - 42 25
75%
63 - 37 26
75%
87 - 61 26
75%
100 - 74 26
75%
68 - 41 27
75%
40 - 12 28
75%
49 - 21 28
75%
76 - 48 28
75%
86 - 58 28
75%
15 - 12 3
75%
52 - 22 30
75%
65 - 35 30
75%
71 - 41 30
75%
38 - 7 31
75%
39 - 8 31
75%
54 - 23 31
75%
55 - 24 31
75%
34 - 2 32
75%
35 - 3 32
75%
50 - 18 32
75%
49 - 16 33
75%
86 - 53 33
75%
39 - 5 34
75%
40 - 6 34
75%
46 - 12 34
75%
51 - 17 34
75%
85 - 51 34
75%
44 - 9 35
75%
53 - 18 35
75%
57 - 21 36
75%
48 - 10 38
75%
48 - 9 39
75%
62 - 23 39
75%
86 - 47 39
75%
7 - 3 4
75%
30 - 26 4
75%
36 - 32 4
75%
38 - 34 4
75%
48 - 8 40
75%
42 - 1 41
75%
76 - 33 43
75%
49 - 5 44
75%
71 - 26 45
75%
89 - 44 45
75%
90 - 42 48
75%
57 - 8 49
75%
24 - 19 5
75%
49 - 44 5
75%
90 - 85 5
75%
89 - 39 50
75%
93 - 43 50
75%
65 - 13 52
75%
90 - 38 52
75%
57 - 4 53
75%
68 - 15 53
75%
77 - 24 53
75%
76 - 21 55
75%
78 - 23 55
75%
81 - 26 55
75%
94 - 39 55
75%
97 - 41 56
75%
68 - 11 57
75%
9 - 3 6
75%
41 - 35 6
75%
50 - 44 6
75%
62 - 56 6
75%
71 - 65 6
75%
76 - 15 61
75%
85 - 20 65
75%
71 - 5 66
75%
77 - 11 66
75%
75 - 6 69
75%
97 - 28 69
75%
28 - 21 7
75%
42 - 35 7
75%
91 - 84 7
75%
96 - 89 7
75%
77 - 2 75
75%
99 - 24 75
75%
88 - 6 82
75%
90 - 7 83
75%
92 - 8 84
75%
17 - 8 9
75%
24 - 15 9
75%
77 - 68 9
75%
96 - 5 91
75%
30 - 4 26
73%
83 - 14 69
73%
18 - 17 1
71%
26 - 25 1
71%
36 - 35 1
71%
38 - 22 16
71%
47 - 31 16
71%
49 - 31 18
71%
33 - 31 2
71%
47 - 27 20
71%
64 - 43 21
71%
59 - 37 22
71%
49 - 24 25
71%
64 - 39 25
71%
64 - 35 29
71%
59 - 29 30
71%
80 - 49 31
71%
37 - 4 33
71%
63 - 30 33
71%
70 - 32 38
71%
86 - 82 4
71%
86 - 46 40
71%
36 - 31 5
71%
95 - 89 6
71%
79 - 11 68
71%
82 - 8 74
71%
53 - 45 8
71%
65 - 52 13
70%
60 - 46 14
70%
44 - 23 21
70%
47 - 24 23
70%
43 - 42 1
67%
48 - 47 1
67%
59 - 58 1
67%
73 - 72 1
67%
83 - 82 1
67%
95 - 94 1
67%
57 - 47 10
67%
87 - 77 10
67%
93 - 83 10
67%
15 - 4 11
67%
26 - 15 11
67%
33 - 22 11
67%
57 - 46 11
67%
59 - 48 11
67%
77 - 66 11
67%
81 - 70 11
67%
94 - 83 11
67%
18 - 6 12
67%
21 - 9 12
67%
34 - 22 12
67%
35 - 23 12
67%
38 - 26 12
67%
46 - 34 12
67%
73 - 61 12
67%
75 - 63 12
67%
76 - 64 12
67%
87 - 75 12
67%
19 - 6 13
67%
35 - 22 13
67%
36 - 23 13
67%
52 - 39 13
67%
79 - 66 13
67%
86 - 73 13
67%
19 - 5 14
67%
37 - 23 14
67%
40 - 26 14
67%
61 - 47 14
67%
67 - 53 14
67%
77 - 63 14
67%
72 - 57 15
67%
84 - 69 15
67%
96 - 81 15
67%
26 - 10 16
67%
42 - 25 17
67%
83 - 66 17
67%
32 - 14 18
67%
37 - 19 18
67%
50 - 32 18
67%
86 - 68 18
67%
96 - 77 19
67%
10 - 8 2
67%
14 - 12 2
67%
24 - 22 2
67%
47 - 45 2
67%
65 - 63 2
67%
85 - 83 2
67%
23 - 3 20
67%
31 - 11 20
67%
38 - 18 20
67%
68 - 48 20
67%
84 - 64 20
67%
91 - 71 20
67%
60 - 39 21
67%
32 - 10 22
67%
33 - 11 22
67%
35 - 13 22
67%
42 - 20 22
67%
47 - 25 22
67%
66 - 44 22
67%
78 - 56 22
67%
82 - 60 22
67%
40 - 17 23
67%
61 - 38 23
67%
79 - 56 23
67%
29 - 5 24
67%
62 - 38 24
67%
74 - 50 24
67%
77 - 53 24
67%
98 - 74 24
67%
34 - 9 25
67%
40 - 15 25
67%
42 - 17 25
67%
45 - 20 25
67%
82 - 57 25
67%
43 - 17 26
67%
80 - 54 26
67%
38 - 11 27
67%
59 - 32 27
67%
70 - 43 27
67%
33 - 5 28
67%
39 - 11 28
67%
93 - 65 28
67%
95 - 67 28
67%
34 - 5 29
67%
42 - 13 29
67%
43 - 14 29
67%
46 - 17 29
67%
82 - 53 29
67%
84 - 55 29
67%
7 - 4 3
67%
8 - 5 3
67%
16 - 13 3
67%
57 - 54 3
67%
72 - 69 3
67%
94 - 91 3
67%
97 - 94 3
67%
47 - 17 30
67%
96 - 66 30
67%
40 - 9 31
67%
49 - 18 31
67%
70 - 39 31
67%
97 - 66 31
67%
40 - 8 32
67%
44 - 12 32
67%
76 - 44 32
67%
70 - 37 33
67%
64 - 30 34
67%
68 - 34 34
67%
48 - 13 35
67%
69 - 34 35
67%
42 - 6 36
67%
46 - 10 36
67%
43 - 6 37
67%
73 - 36 37
67%
93 - 56 37
67%
43 - 5 38
67%
44 - 6 38
67%
45 - 7 38
67%
55 - 17 38
67%
79 - 41 38
67%
43 - 4 39
67%
82 - 43 39
67%
9 - 5 4
67%
26 - 22 4
67%
28 - 24 4
67%
37 - 33 4
67%
42 - 38 4
67%
71 - 67 4
67%
81 - 77 4
67%
47 - 7 40
67%
85 - 45 40
67%
68 - 27 41
67%
89 - 48 41
67%
100 - 59 41
67%
52 - 10 42
67%
66 - 24 42
67%
72 - 30 42
67%
91 - 49 42
67%
52 - 9 43
67%
79 - 36 43
67%
47 - 3 44
67%
46 - 1 45
67%
55 - 10 45
67%
94 - 49 45
67%
79 - 33 46
67%
56 - 9 47
67%
70 - 22 48
67%
92 - 44 48
67%
73 - 24 49
67%
8 - 3 5
67%
12 - 7 5
67%
13 - 8 5
67%
17 - 12 5
67%
22 - 17 5
67%
70 - 65 5
67%
84 - 79 5
67%
85 - 80 5
67%
87 - 82 5
67%
76 - 26 50
67%
80 - 30 50
67%
88 - 38 50
67%
55 - 4 51
67%
70 - 19 51
67%
71 - 20 51
67%
58 - 6 52
67%
100 - 48 52
67%
58 - 5 53
67%
72 - 16 56
67%
90 - 34 56
67%
98 - 42 56
67%
81 - 24 57
67%
92 - 35 57
67%
59 - 1 58
67%
100 - 41 59
67%
76 - 70 6
67%
91 - 31 60
67%
93 - 33 60
67%
69 - 8 61
67%
75 - 14 61
67%
79 - 16 63
67%
80 - 17 63
67%
91 - 27 64
67%
98 - 34 64
67%
89 - 24 65
67%
83 - 17 66
67%
97 - 31 66
67%
71 - 3 68
67%
76 - 8 68
67%
15 - 8 7
67%
31 - 24 7
67%
39 - 32 7
67%
56 - 49 7
67%
61 - 54 7
67%
77 - 6 71
67%
91 - 19 72
67%
95 - 22 73
67%
80 - 5 75
67%
83 - 7 76
67%
100 - 24 76
67%
93 - 16 77
67%
81 - 3 78
67%
86 - 8 78
67%
92 - 14 78
67%
93 - 15 78
67%
81 - 2 79
67%
91 - 12 79
67%
10 - 2 8
67%
24 - 16 8
67%
36 - 28 8
67%
40 - 32 8
67%
51 - 43 8
67%
58 - 50 8
67%
69 - 61 8
67%
100 - 19 81
67%
100 - 18 82
67%
93 - 10 83
67%
99 - 13 86
67%
100 - 14 86
67%
92 - 3 89
67%
95 - 6 89
67%
99 - 10 89
67%
33 - 24 9
67%
62 - 53 9
67%
66 - 57 9
67%
92 - 83 9
67%
97 - 4 93
67%
98 - 5 93
67%
50 - 49 1
63%
28 - 16 12
63%
88 - 76 12
63%
20 - 5 15
63%
78 - 61 17
63%
98 - 70 28
63%
57 - 26 31
63%
64 - 29 35
63%
60 - 22 38
63%
98 - 48 50
63%
62 - 2 60
63%
86 - 24 62
63%
21 - 14 7
63%
52 - 45 7
63%
82 - 10 72
63%
88 - 11 77
63%
94 - 12 82
63%
8 - 7 1
60%
13 - 12 1
60%
23 - 22 1
60%
30 - 29 1
60%
47 - 37 10
60%
100 - 89 11
60%
44 - 32 12
60%
51 - 39 12
60%
71 - 59 12
60%
34 - 21 13
60%
38 - 25 13
60%
54 - 41 13
60%
89 - 75 14
60%
96 - 82 14
60%
17 - 2 15
60%
23 - 8 15
60%
25 - 10 15
60%
28 - 13 15
60%
36 - 20 16
60%
46 - 30 16
60%
47 - 30 17
60%
85 - 68 17
60%
30 - 12 18
60%
47 - 29 18
60%
80 - 62 18
60%
46 - 27 19
60%
12 - 10 2
60%
15 - 13 2
60%
49 - 28 21
60%
45 - 23 22
60%
50 - 28 22
60%
83 - 61 22
60%
94 - 72 22
60%
33 - 8 25
60%
43 - 18 25
60%
92 - 67 25
60%
44 - 18 26
60%
74 - 48 26
60%
68 - 39 29
60%
39 - 36 3
60%
67 - 64 3
60%
99 - 96 3
60%
59 - 28 31
60%
62 - 31 31
60%
77 - 44 33
60%
85 - 52 33
60%
48 - 14 34
60%
71 - 36 35
60%
93 - 58 35
60%
44 - 8 36
60%
63 - 26 37
60%
42 - 4 38
60%
89 - 51 38
60%
94 - 56 38
60%
41 - 2 39
60%
14 - 10 4
60%
19 - 15 4
60%
77 - 73 4
60%
97 - 57 40
60%
78 - 37 41
60%
93 - 50 43
60%
54 - 9 45
60%
95 - 50 45
60%
93 - 47 46
60%
83 - 35 48
60%
61 - 12 49
60%
92 - 43 49
60%
9 - 4 5
60%
10 - 5 5
60%
52 - 47 5
60%
74 - 24 50
60%
94 - 44 50
60%
62 - 9 53
60%
78 - 25 53
60%
60 - 6 54
60%
88 - 34 54
60%
83 - 24 59
60%
85 - 26 59
60%
32 - 26 6
60%
39 - 33 6
60%
60 - 54 6
60%
75 - 10 65
60%
88 - 23 65
60%
90 - 25 65
60%
100 - 32 68
60%
18 - 11 7
60%
26 - 19 7
60%
100 - 93 7
60%
85 - 15 70
60%
78 - 5 73
60%
89 - 15 74
60%
98 - 20 78
60%
94 - 15 79
60%
29 - 21 8
60%
99 - 17 82
60%
98 - 15 83
60%
96 - 12 84
60%
93 - 8 85
60%
12 - 3 9
60%
21 - 12 9
60%
35 - 26 9
60%
38 - 37 1
57%
13 - 3 10
57%
29 - 18 11
57%
50 - 37 13
57%
78 - 65 13
57%
29 - 13 16
57%
55 - 38 17
57%
19 - 1 18
57%
22 - 20 2
57%
52 - 31 21
57%
97 - 76 21
57%
60 - 57 3
57%
73 - 40 33
57%
89 - 55 34
57%
40 - 4 36
57%
95 - 54 41
57%
48 - 5 43
57%
61 - 18 43
57%
65 - 20 45
57%
91 - 45 46
57%
74 - 15 59
57%
21 - 15 6
57%
77 - 16 61
57%
85 - 5 80
57%
98 - 16 82
57%
97 - 13 84
57%
36 - 26 10
56%
76 - 55 21
56%
33 - 6 27
56%
47 - 16 31
56%
93 - 51 42
56%
72 - 9 63
56%
13 - 5 8
56%
84 - 75 9
56%
4 - 3 1
50%
19 - 18 1
50%
27 - 26 1
50%
42 - 41 1
50%
55 - 54 1
50%
99 - 98 1
50%
52 - 42 10
50%
89 - 79 10
50%
34 - 23 11
50%
40 - 29 11
50%
54 - 43 11
50%
69 - 58 11
50%
20 - 8 12
50%
37 - 25 12
50%
40 - 28 12
50%
43 - 31 12
50%
61 - 49 12
50%
65 - 53 12
50%
74 - 62 12
50%
77 - 65 12
50%
84 - 72 12
50%
85 - 73 12
50%
15 - 2 13
50%
22 - 9 13
50%
28 - 15 13
50%
47 - 34 13
50%
81 - 68 13
50%
48 - 34 14
50%
49 - 35 14
50%
52 - 38 14
50%
94 - 80 14
50%
26 - 11 15
50%
31 - 16 15
50%
41 - 26 15
50%
63 - 48 15
50%
94 - 79 15
50%
98 - 83 15
50%
17 - 1 16
50%
24 - 8 16
50%
55 - 39 16
50%
57 - 41 16
50%
58 - 42 16
50%
71 - 55 16
50%
74 - 58 16
50%
48 - 31 17
50%
54 - 37 17
50%
62 - 45 17
50%
80 - 63 17
50%
94 - 77 17
50%
95 - 78 17
50%
36 - 18 18
50%
39 - 21 18
50%
43 - 25 18
50%
45 - 27 18
50%
48 - 30 18
50%
52 - 34 18
50%
60 - 42 18
50%
71 - 53 18
50%
76 - 58 18
50%
81 - 63 18
50%
97 - 79 18
50%
22 - 3 19
50%
29 - 10 19
50%
66 - 47 19
50%
89 - 70 19
50%
98 - 79 19
50%
27 - 25 2
50%
87 - 85 2
50%
93 - 91 2
50%
29 - 9 20
50%
36 - 16 20
50%
62 - 42 20
50%
64 - 44 20
50%
75 - 55 20
50%
79 - 59 20
50%
28 - 7 21
50%
42 - 21 21
50%
55 - 34 21
50%
26 - 4 22
50%
31 - 9 22
50%
36 - 14 22
50%
38 - 16 22
50%
43 - 21 22
50%
80 - 58 22
50%
90 - 68 22
50%
27 - 4 23
50%
42 - 19 23
50%
44 - 21 23
50%
88 - 65 23
50%
28 - 4 24
50%
37 - 13 24
50%
48 - 24 24
50%
69 - 45 24
50%
32 - 7 25
50%
39 - 14 25
50%
84 - 59 25
50%
86 - 61 25
50%
87 - 62 25
50%
56 - 30 26
50%
66 - 40 26
50%
76 - 50 26
50%
39 - 12 27
50%
58 - 31 27
50%
94 - 67 27
50%
99 - 72 27
50%
29 - 1 28
50%
34 - 6 28
50%
44 - 16 28
50%
83 - 55 28
50%
96 - 68 28
50%
35 - 6 29
50%
36 - 7 29
50%
53 - 24 29
50%
54 - 25 29
50%
55 - 26 29
50%
72 - 43 29
50%
6 - 3 3
50%
20 - 17 3
50%
27 - 24 3
50%
37 - 34 3
50%
51 - 48 3
50%
79 - 76 3
50%
74 - 44 30
50%
79 - 49 30
50%
92 - 62 30
50%
43 - 12 31
50%
69 - 38 31
50%
74 - 43 31
50%
93 - 62 31
50%
66 - 34 32
50%
77 - 45 32
50%
35 - 2 33
50%
46 - 13 33
50%
48 - 15 33
50%
55 - 22 33
50%
61 - 28 33
50%
84 - 51 33
50%
97 - 64 33
50%
100 - 67 33
50%
47 - 13 34
50%
56 - 22 34
50%
92 - 58 34
50%
40 - 5 35
50%
45 - 10 35
50%
60 - 25 35
50%
63 - 28 35
50%
80 - 44 36
50%
86 - 50 36
50%
90 - 54 36
50%
51 - 14 37
50%
79 - 42 37
50%
88 - 51 37
50%
41 - 3 38
50%
64 - 26 38
50%
100 - 62 38
50%
45 - 6 39
50%
53 - 14 39
50%
77 - 38 39
50%
83 - 44 39
50%
87 - 48 39
50%
99 - 60 39
50%
6 - 2 4
50%
12 - 8 4
50%
32 - 28 4
50%
52 - 48 4
50%
70 - 66 4
50%
83 - 79 4
50%
65 - 25 40
50%
70 - 30 40
50%
73 - 33 40
50%
92 - 52 40
50%
99 - 59 40
50%
53 - 12 41
50%
80 - 39 41
50%
46 - 4 42
50%
83 - 41 42
50%
88 - 46 42
50%
44 - 1 43
50%
59 - 16 43
50%
64 - 21 43
50%
65 - 22 43
50%
73 - 30 43
50%
84 - 41 43
50%
90 - 47 43
50%
92 - 49 43
50%
97 - 54 43
50%
100 - 57 43
50%
46 - 2 44
50%
50 - 6 44
50%
58 - 14 44
50%
74 - 30 44
50%
81 - 37 44
50%
85 - 41 44
50%
52 - 7 45
50%
69 - 24 45
50%
83 - 38 45
50%
88 - 43 45
50%
96 - 51 45
50%
98 - 53 45
50%
49 - 3 46
50%
80 - 34 46
50%
64 - 17 47
50%
72 - 25 47
50%
75 - 28 47
50%
65 - 17 48
50%
74 - 26 48
50%
79 - 31 48
50%
99 - 51 48
50%
60 - 11 49
50%
72 - 23 49
50%
86 - 37 49
50%
23 - 18 5
50%
35 - 30 5
50%
44 - 39 5
50%
75 - 70 5
50%
89 - 84 5
50%
56 - 6 50
50%
73 - 22 51
50%
75 - 24 51
50%
83 - 32 51
50%
84 - 33 51
50%
91 - 40 51
50%
86 - 34 52
50%
92 - 40 52
50%
69 - 16 53
50%
80 - 27 53
50%
83 - 30 53
50%
64 - 10 54
50%
83 - 29 54
50%
94 - 40 54
50%
74 - 19 55
50%
99 - 44 55
50%
57 - 1 56
50%
67 - 11 56
50%
80 - 24 56
50%
82 - 26 56
50%
83 - 27 56
50%
95 - 39 56
50%
62 - 5 57
50%
65 - 8 57
50%
78 - 21 57
50%
73 - 15 58
50%
79 - 21 58
50%
88 - 30 58
50%
89 - 31 58
50%
92 - 34 58
50%
67 - 8 59
50%
72 - 13 59
50%
82 - 23 59
50%
95 - 36 59
50%
99 - 40 59
50%
13 - 7 6
50%
17 - 11 6
50%
33 - 27 6
50%
34 - 28 6
50%
82 - 76 6
50%
63 - 3 60
50%
76 - 16 60
50%
68 - 7 61
50%
97 - 36 61
50%
87 - 25 62
50%
98 - 36 62
50%
67 - 4 63
50%
68 - 5 63
50%
88 - 25 63
50%
92 - 29 63
50%
95 - 32 63
50%
96 - 33 63
50%
68 - 4 64
50%
93 - 29 64
50%
74 - 9 65
50%
99 - 34 65
50%
92 - 26 66
50%
77 - 10 67
50%
87 - 20 67
50%
83 - 15 68
50%
72 - 3 69
50%
73 - 4 69
50%
78 - 9 69
50%
12 - 5 7
50%
14 - 7 7
50%
37 - 30 7
50%
45 - 38 7
50%
88 - 81 7
50%
95 - 88 7
50%
89 - 19 70
50%
97 - 27 70
50%
98 - 28 70
50%
72 - 1 71
50%
73 - 2 71
50%
86 - 15 71
50%
79 - 7 72
50%
88 - 16 72
50%
81 - 8 73
50%
90 - 15 75
50%
92 - 17 75
50%
94 - 18 76
50%
80 - 3 77
50%
81 - 4 77
50%
84 - 7 77
50%
80 - 1 79
50%
15 - 7 8
50%
19 - 11 8
50%
44 - 36 8
50%
50 - 42 8
50%
74 - 66 8
50%
96 - 16 80
50%
99 - 14 85
50%
95 - 9 86
50%
89 - 1 88
50%
94 - 5 89
50%
18 - 9 9
50%
20 - 11 9
50%
25 - 16 9
50%
30 - 21 9
50%
46 - 37 9
50%
54 - 45 9
50%
68 - 59 9
50%
82 - 73 9
50%
100 - 10 90
50%
96 - 3 93
50%
79 - 63 16
44%
42 - 23 19
44%
72 - 21 51
44%
71 - 64 7
44%
56 - 55 1
43%
30 - 18 12
43%
44 - 29 15
43%
41 - 16 25
43%
33 - 29 4
43%
68 - 64 4
43%
60 - 17 43
43%
83 - 37 46
43%
87 - 40 47
43%
71 - 22 49
43%
97 - 24 73
43%
94 - 93 1
40%
19 - 8 11
40%
17 - 5 12
40%
33 - 19 14
40%
66 - 52 14
40%
27 - 12 15
40%
90 - 75 15
40%
27 - 11 16
40%
31 - 14 17
40%
66 - 48 18
40%
34 - 15 19
40%
17 - 15 2
40%
63 - 61 2
40%
46 - 26 20
40%
65 - 45 20
40%
31 - 8 23
40%
49 - 26 23
40%
58 - 33 25
40%
35 - 9 26
40%
54 - 28 26
40%
48 - 21 27
40%
88 - 61 27
40%
67 - 39 28
40%
61 - 32 29
40%
57 - 25 32
40%
91 - 58 33
40%
83 - 48 35
40%
50 - 13 37
40%
54 - 16 38
40%
59 - 21 38
40%
52 - 13 39
40%
74 - 35 39
40%
45 - 4 41
40%
70 - 27 43
40%
95 - 52 43
40%
53 - 9 44
40%
53 - 7 46
40%
63 - 17 46
40%
96 - 50 46
40%
63 - 16 47
40%
100 - 51 49
40%
81 - 30 51
40%
59 - 4 55
40%
62 - 7 55
40%
73 - 17 56
40%
81 - 23 58
40%
89 - 30 59
40%
11 - 5 6
40%
93 - 32 61
40%
86 - 22 64
40%
76 - 9 67
40%
81 - 14 67
40%
91 - 23 68
40%
13 - 6 7
40%
98 - 25 73
40%
92 - 18 74
40%
97 - 89 8
40%
34 - 25 9
40%
37 - 28 9
40%
38 - 29 9
40%
81 - 72 9
40%
31 - 21 10
38%
64 - 46 18
38%
21 - 19 2
38%
27 - 6 21
38%
84 - 63 21
38%
69 - 43 26
38%
58 - 29 29
38%
98 - 65 33
38%
62 - 28 34
38%
98 - 63 35
38%
89 - 37 52
38%
65 - 2 63
38%
6 - 5 1
33%
64 - 63 1
33%
48 - 38 10
33%
16 - 5 11
33%
23 - 12 11
33%
80 - 69 11
33%
82 - 71 11
33%
49 - 37 12
33%
67 - 55 12
33%
64 - 50 14
33%
87 - 72 15
33%
65 - 49 16
33%
89 - 73 16
33%
33 - 15 18
33%
32 - 13 19
33%
72 - 53 19
33%
83 - 64 19
33%
84 - 65 19
33%
35 - 33 2
33%
45 - 43 2
33%
59 - 57 2
33%
92 - 90 2
33%
45 - 25 20
33%
41 - 20 21
33%
41 - 19 22
33%
54 - 32 22
33%
55 - 33 22
33%
68 - 46 22
33%
35 - 12 23
33%
37 - 14 23
33%
39 - 16 23
33%
69 - 46 23
33%
89 - 65 24
33%
54 - 29 25
33%
46 - 19 27
33%
66 - 39 27
33%
63 - 35 28
33%
9 - 6 3
33%
69 - 66 3
33%
74 - 71 3
33%
78 - 75 3
33%
46 - 15 31
33%
55 - 23 32
33%
68 - 36 32
33%
58 - 25 33
33%
60 - 27 33
33%
92 - 59 33
33%
74 - 40 34
33%
88 - 54 34
33%
96 - 61 35
33%
81 - 45 36
33%
84 - 48 36
33%
95 - 59 36
33%
56 - 19 37
33%
90 - 53 37
33%
42 - 3 39
33%
44 - 4 40
33%
51 - 11 40
33%
67 - 27 40
33%
46 - 5 41
33%
63 - 22 41
33%
75 - 34 41
33%
54 - 12 42
33%
87 - 45 42
33%
57 - 13 44
33%
48 - 3 45
33%
73 - 27 46
33%
97 - 51 46
33%
60 - 13 47
33%
95 - 48 47
33%
96 - 47 49
33%
91 - 86 5
33%
68 - 16 52
33%
84 - 31 53
33%
98 - 45 53
33%
98 - 41 57
33%
84 - 26 58
33%
8 - 2 6
33%
20 - 14 6
33%
93 - 87 6
33%
90 - 29 61
33%
71 - 9 62
33%
95 - 31 64
33%
80 - 13 67
33%
72 - 4 68
33%
96 - 28 68
33%
92 - 23 69
33%
98 - 29 69
33%
43 - 36 7
33%
47 - 40 7
33%
62 - 55 7
33%
97 - 26 71
33%
99 - 28 71
33%
87 - 13 74
33%
91 - 14 77
33%
82 - 4 78
33%
84 - 6 78
33%
96 - 17 79
33%
97 - 18 79
33%
45 - 37 8
33%
49 - 41 8
33%
78 - 70 8
33%
92 - 6 86
33%
93 - 6 87
33%
27 - 18 9
33%
73 - 64 9
33%
97 - 5 92
33%
99 - 5 94
33%
99 - 1 98
33%
99 - 84 15
29%
43 - 26 17
29%
99 - 75 24
29%
87 - 53 34
29%
46 - 40 6
29%
73 - 10 63
29%
99 - 9 90
29%
17 - 7 10
25%
16 - 4 12
25%
39 - 27 12
25%
31 - 18 13
25%
45 - 32 13
25%
48 - 35 13
25%
76 - 63 13
25%
88 - 75 13
25%
92 - 79 13
25%
24 - 10 14
25%
62 - 48 14
25%
73 - 57 16
25%
82 - 65 17
25%
24 - 6 18
25%
92 - 74 18
25%
45 - 26 19
25%
70 - 51 19
25%
32 - 11 21
25%
63 - 41 22
25%
26 - 3 23
25%
42 - 16 26
25%
61 - 34 27
25%
82 - 55 27
25%
91 - 64 27
25%
33 - 4 29
25%
50 - 21 29
25%
95 - 64 31
25%
99 - 67 32
25%
92 - 57 35
25%
66 - 29 37
25%
85 - 48 37
25%
11 - 7 4
25%
51 - 47 4
25%
66 - 62 4
25%
69 - 28 41
25%
70 - 29 41
25%
76 - 34 42
25%
51 - 7 44
25%
77 - 33 44
25%
82 - 38 44
25%
99 - 55 44
25%
67 - 22 45
25%
77 - 30 47
25%
46 - 41 5
25%
82 - 31 51
25%
83 - 31 52
25%
84 - 32 52
25%
70 - 17 53
25%
61 - 7 54
25%
91 - 35 56
25%
86 - 20 66
25%
95 - 27 68
25%
67 - 60 7
25%
90 - 11 79
25%
95 - 16 79
25%
22 - 14 8
25%
60 - 52 8
25%
28 - 19 9
25%
43 - 28 15
20%
93 - 78 15
20%
72 - 48 24
20%
29 - 4 25
20%
36 - 10 26
20%
85 - 58 27
20%
42 - 12 30
20%
43 - 9 34
20%
84 - 45 39
20%
94 - 52 42
20%
67 - 19 48
20%
69 - 15 54
20%
96 - 42 54
20%
73 - 16 57
20%
25 - 17 8
20%
45 - 24 21
17%
57 - 36 21
17%
82 - 34 48
17%
79 - 72 7
17%
86 - 11 75
17%
87 - 79 8
17%
88 - 32 56
14%
9 - 8 1
0%
39 - 38 1
0%
54 - 53 1
0%
41 - 31 10
0%
18 - 7 11
0%
55 - 44 11
0%
64 - 53 11
0%
72 - 61 11
0%
50 - 38 12
0%
83 - 71 12
0%
95 - 83 12
0%
32 - 19 13
0%
68 - 55 13
0%
82 - 69 13
0%
18 - 4 14
0%
42 - 28 14
0%
22 - 7 15
0%
54 - 39 15
0%
60 - 45 15
0%
73 - 58 15
0%
91 - 76 15
0%
19 - 3 16
0%
51 - 35 16
0%
56 - 40 16
0%
61 - 45 16
0%
100 - 84 16
0%
41 - 24 17
0%
76 - 59 17
0%
98 - 81 17
0%
26 - 8 18
0%
69 - 51 18
0%
87 - 69 18
0%
35 - 16 19
0%
81 - 62 19
0%
13 - 11 2
0%
32 - 30 2
0%
46 - 44 2
0%
80 - 78 2
0%
24 - 4 20
0%
34 - 14 20
0%
41 - 21 20
0%
92 - 72 20
0%
34 - 13 21
0%
35 - 14 21
0%
39 - 18 21
0%
48 - 27 21
0%
87 - 66 21
0%
88 - 67 21
0%
29 - 7 22
0%
91 - 69 22
0%
46 - 23 23
0%
51 - 28 23
0%
74 - 51 23
0%
96 - 73 23
0%
53 - 29 24
0%
70 - 46 24
0%
73 - 49 24
0%
83 - 59 24
0%
95 - 71 24
0%
38 - 13 25
0%
47 - 22 25
0%
34 - 8 26
0%
41 - 15 26
0%
73 - 47 26
0%
28 - 1 27
0%
79 - 52 27
0%
36 - 8 28
0%
37 - 9 28
0%
41 - 12 29
0%
4 - 1 3
0%
19 - 16 3
0%
41 - 38 3
0%
53 - 50 3
0%
70 - 67 3
0%
31 - 1 30
0%
39 - 9 30
0%
45 - 15 30
0%
53 - 23 30
0%
99 - 69 30
0%
82 - 51 31
0%
85 - 54 31
0%
94 - 63 31
0%
100 - 68 32
0%
96 - 63 33
0%
36 - 1 35
0%
47 - 12 35
0%
52 - 17 35
0%
54 - 19 35
0%
77 - 42 35
0%
94 - 59 35
0%
98 - 62 36
0%
47 - 10 37
0%
76 - 39 37
0%
84 - 47 37
0%
99 - 62 37
0%
52 - 14 38
0%
61 - 23 38
0%
67 - 29 38
0%
40 - 1 39
0%
66 - 27 39
0%
68 - 29 39
0%
85 - 46 39
0%
76 - 72 4
0%
91 - 87 4
0%
49 - 8 41
0%
77 - 36 41
0%
62 - 20 42
0%
75 - 32 43
0%
67 - 23 44
0%
51 - 6 45
0%
59 - 13 46
0%
62 - 16 46
0%
99 - 53 46
0%
77 - 29 48
0%
62 - 13 49
0%
66 - 17 49
0%
14 - 9 5
0%
16 - 11 5
0%
73 - 68 5
0%
87 - 37 50
0%
97 - 47 50
0%
99 - 49 50
0%
74 - 22 52
0%
87 - 35 52
0%
61 - 8 53
0%
71 - 18 53
0%
89 - 34 55
0%
93 - 38 55
0%
61 - 5 56
0%
77 - 21 56
0%
70 - 12 58
0%
100 - 42 58
0%
96 - 37 59
0%
12 - 6 6
0%
45 - 39 6
0%
75 - 15 60
0%
84 - 24 60
0%
89 - 28 61
0%
75 - 13 62
0%
71 - 8 63
0%
74 - 11 63
0%
70 - 6 64
0%
87 - 23 64
0%
67 - 1 66
0%
98 - 32 66
0%
75 - 8 67
0%
94 - 26 68
0%
82 - 13 69
0%
93 - 24 69
0%
9 - 2 7
0%
16 - 9 7
0%
30 - 23 7
0%
57 - 50 7
0%
76 - 6 70
0%
86 - 16 70
0%
90 - 20 70
0%
100 - 29 71
0%
85 - 13 72
0%
94 - 21 73
0%
88 - 13 75
0%
96 - 21 75
0%
97 - 19 78
0%
99 - 20 79
0%
27 - 19 8
0%
35 - 27 8
0%
42 - 34 8
0%
67 - 59 8
0%
76 - 68 8
0%
99 - 91 8
0%
86 - 6 80
0%
94 - 10 84
0%
96 - 10 86
0%
98 - 12 86
0%
95 - 8 87
0%
31 - 22 9
0%
83 - 74 9
0%
100 - 1 99
0%
No matching quizzes found
Score Distribution
Percent of People with Each Score
Percentile by Number Answered
Your Score History
You have not taken this quiz